00649nam a2200145Ia 4500999001700000082001200017100001400029245011800043260006300161300000800224504003900232650006200271942001200333952015800345 c20240d20240 aRM.0289 aMurty, S. 0aSocio economic participation of women in informal sector: an empirical study of Ujjain district of Madhya Pradesh bIndian Council of Social Science Research, New Delhic2005 a137 aincludes bibliography and appendix aWomen in informal sectorzMadhya PradeshzUjjain District cRP2ddc 001040718SRFaNASSDOCbNASSDOCd2009-07-01eGifted by : Fellowship Division, ICSSRi2008-12-30l0oRM.0289p45681r2019-04-18 00:00:00w2019-04-18yRP